Nghiên cứu tổng hợp màng PbO2 trên nền Graphit bằng phương pháp oxi hóa Anot Pb2+ từ dung dịch Pb(NO3)2 và ứng dụng làm điện cực trơ cho quá trình xử lý Phenol trong nước
محفوظ في:
| المؤلف الرئيسي: | |
|---|---|
| التنسيق: | كتاب |
| منشور في: |
2007
|
| الوسوم: |
إضافة وسم
لا توجد وسوم, كن أول من يضع وسما على هذه التسجيلة!
|
| Thư viện lưu trữ: | Mạng thư viện Đại học Đà Nẵng |
|---|
| LEADER | 00833nam a2200229 4500 | ||
|---|---|---|---|
| 001 | 000020517 | ||
| 003 | 16963 | ||
| 005 | 20150323080303.0 | ||
| 008 | 150323s2007 sd | ||
| 100 | 1 | |a Lê Tự Hải |c PGS.TS |e Chủ nhiệm đề tài | |
| 245 | 1 | 0 | |a Nghiên cứu tổng hợp màng PbO2 trên nền Graphit bằng phương pháp oxi hóa Anot Pb2+ từ dung dịch Pb(NO3)2 và ứng dụng làm điện cực trơ cho quá trình xử lý Phenol trong nước |c Lê Tự Hải |
| 260 | |c 2007 | ||
| 500 | |a Đề tài NCKH cấp Bộ . Mã số : B2007-03-16 | ||
| OWN | |a LSP | ||
| 999 | |a From the UDN01 | ||
| TYP | |a Mixed Materials | ||
| TYP | |a Monograph | ||
| TYP | |a Printed language | ||
| 980 | |a Mạng thư viện Đại học Đà Nẵng | ||